000 00577nam a2200217 a 4500
001 30608
005 20190709144800.0
008 140415s2006 000 0 spa d
020 _a0256028893
041 _aspa
082 _a150
_bPSY
100 1 _aPsychology
_eautor
245 1 0 _aPsichology.
250 _aPrimera edición
264 _aThe Dorsey Press
_bNewman y Newman
_c2006
300 _a631 Páginas ;
_c27 cm.
336 _atexto
_2rdacontent
337 _asin mediación
_2rdamedia
338 _avolumen
_2rdacarrier
520 _aPG PUBLICACIONES GUBERNAMENTALES
999 _c30608
_d30608